El color de las palabras-cuentos

Gespeichert in:
Bibliographische Detailangaben
1. Verfasser: López Steiner, Rebeca
Format: Buch
Sprache:Undetermined
Veröffentlicht: San José, Costa Rica EUNED 1999
Schlagworte:
Tags: Tag hinzufügen
Keine Tags, Fügen Sie den ersten Tag hinzu!

MARC

LEADER 00000nam a2200000Ia 4500
008 170316s9999 xx 000 0 und d
040 |a cru BVZT 
090 |a 868 L-8.2c 
100 |a López Steiner, Rebeca 
245 |a El color de las palabras-cuentos 
260 |a San José, Costa Rica 
260 |b EUNED 
260 |c 1999 
300 |a 144 páginas 
650 |a LITERATURA COSTARRICENSE 
650 |a VIEJA Y NUEVA NARRATIVA COSTARRICENSE 
650 |a CUENTOS 
999 |c 11269  |d 11269 
942 |c 15 D  |h 868 L-8.2c  |2 z